000 00647nam a22002297a 4500
005 20170124110218.0
010 _aA-226969
020 B _c00.00
_a0824206762
035 _aA-226969
037 _bCen Lib/Ret
040 _aDPL
_bEN
082 _a025.33
_bSEA
245 _aSears list of subject headings /
_cedited by Barbara M. Westby
250 _a12th ed
260 _aNew York
_bThe H.W. Wilson Company
_c1982
270 _bNew York
300 _a624p.
_c25cm(Hb)
650 _aLibrary science
_939426
650 _aSubjects headings
_939427
700 _aWestby, Barbara M.
_950
942 _2ddc
_cEN
_h025.33
_mSEA
999 _c133976
_d133976